<?xml version="1.0" encoding="UTF-8"?>
<record
    xmlns:xsi="http://www.w3.org/2001/XMLSchema-instance"
    xsi:schemaLocation="http://www.loc.gov/MARC21/slim http://www.loc.gov/standards/marcxml/schema/MARC21slim.xsd"
    xmlns="http://www.loc.gov/MARC21/slim">

  <leader>00774nam a22002177a 4500</leader>
  <controlfield tag="001">2720</controlfield>
  <controlfield tag="003">HMS</controlfield>
  <controlfield tag="005">20250901155621.0</controlfield>
  <controlfield tag="008">250901e1998    cl a|||frnt|| 001 0 spa  </controlfield>
  <datafield tag="040" ind1=" " ind2=" ">
    <subfield code="a">hms</subfield>
    <subfield code="b">spa</subfield>
    <subfield code="c">hms</subfield>
  </datafield>
  <datafield tag="050" ind1="0" ind2="4">
    <subfield code="a">WV100</subfield>
    <subfield code="b">D537</subfield>
  </datafield>
  <datafield tag="100" ind1="1" ind2=" ">
    <subfield code="a">Diamante, Vicente Guillermo</subfield>
    <subfield code="9">4124</subfield>
  </datafield>
  <datafield tag="245" ind1="1" ind2="0">
    <subfield code="a">Hueso temporal :</subfield>
    <subfield code="b">Anatom&#xED;a quir&#xFA;rgica aplicada a la microcirug&#xED;a /</subfield>
    <subfield code="c">Profesor Vicente Guillermo  Diamante, Eduardo Rub&#xE9;n Sastre</subfield>
    <subfield code="h">[libro]</subfield>
  </datafield>
  <datafield tag="246" ind1="3" ind2="0">
    <subfield code="a">Anatom&#xED;a quir&#xFA;rgica aplicada a la microcirug&#xED;a</subfield>
  </datafield>
  <datafield tag="250" ind1=" " ind2=" ">
    <subfield code="a">1&#xAA; edici&#xF3;n </subfield>
  </datafield>
  <datafield tag="260" ind1=" " ind2=" ">
    <subfield code="a">Argentina :</subfield>
    <subfield code="b">Facultad de Medicina Universidad de Buenos Aires,</subfield>
    <subfield code="c">1998</subfield>
  </datafield>
  <datafield tag="300" ind1=" " ind2=" ">
    <subfield code="a">87 p&#xE1;ginas :</subfield>
    <subfield code="b">ilustraciones ;</subfield>
    <subfield code="c">22 cm.</subfield>
  </datafield>
  <datafield tag="500" ind1=" " ind2=" ">
    <subfield code="a">Incluye &#xED;ndice</subfield>
  </datafield>
  <datafield tag="504" ind1=" " ind2=" ">
    <subfield code="a">Incluye bibliograf&#xED;as </subfield>
  </datafield>
  <datafield tag="942" ind1=" " ind2=" ">
    <subfield code="2">lcc</subfield>
    <subfield code="c">COL. RES.</subfield>
    <subfield code="n">0</subfield>
  </datafield>
  <datafield tag="999" ind1=" " ind2=" ">
    <subfield code="c">2720</subfield>
    <subfield code="d">2720</subfield>
  </datafield>
  <datafield tag="952" ind1=" " ind2=" ">
    <subfield code="0">0</subfield>
    <subfield code="1">0</subfield>
    <subfield code="2">lcc</subfield>
    <subfield code="4">0</subfield>
    <subfield code="7">0</subfield>
    <subfield code="8">Col. Res.</subfield>
    <subfield code="a">BHMS</subfield>
    <subfield code="b">BHMS</subfield>
    <subfield code="c">Full Space</subfield>
    <subfield code="d">2025-09-01</subfield>
    <subfield code="i">001918</subfield>
    <subfield code="l">0</subfield>
    <subfield code="o">WV100 D537 1&#xAA;ed 1998</subfield>
    <subfield code="p">001918</subfield>
    <subfield code="r">2025-09-01 10:06:00</subfield>
    <subfield code="t">c.1</subfield>
    <subfield code="w">2025-09-01</subfield>
    <subfield code="y">COL. RES.</subfield>
  </datafield>
</record>
